000 00281nam a22001097a 4500
040 _cSK
082 _a338
100 _aប៉ាន់ វុត្ថា
245 _aទស្សនៈវិជ្ជាអប់រំ
260 _aPhnom Penh
_bប៉ាន់
_c2010
942 _cKB
999 _c8451
_d8451